000
002800000a22001330004500
003
MACL
040
_a
MACL
090
_c
39485
_d
39483
100
_a
Balzac, H De
245
_a
The Lily of The Valley
260
_b
The Macmillan Company
650
_a
Novel
942
_c
BOOK
_k
823/BAL
999
_c
39054
_d
39054